<?xml version="1.0" encoding="UTF-8"?>
<collection xmlns="http://www.loc.gov/MARC21/slim">
 <record>
  <leader>01288nam a2200205Ia 4500</leader>
  <controlfield tag="001">CTU_147625</controlfield>
  <controlfield tag="008">210402s9999    xx            000 0 und d</controlfield>
  <datafield tag="020" ind1=" " ind2=" ">
   <subfield code="c">160000</subfield>
  </datafield>
  <datafield tag="082" ind1=" " ind2=" ">
   <subfield code="a">658.4012</subfield>
  </datafield>
  <datafield tag="082" ind1=" " ind2=" ">
   <subfield code="b">M423</subfield>
  </datafield>
  <datafield tag="245" ind1=" " ind2="0">
   <subfield code="a">MBA trong tầm tay :</subfield>
  </datafield>
  <datafield tag="245" ind1=" " ind2="0">
   <subfield code="b">Chủ đề quản lý chiến lược = The portable MBA in strategy</subfield>
  </datafield>
  <datafield tag="245" ind1=" " ind2="0">
   <subfield code="c">Biên tập: Liam Fahey, Robert M. Randall; Phan Thu dịch ; Trịnh Đức Vinh hiệu đính</subfield>
  </datafield>
  <datafield tag="260" ind1=" " ind2=" ">
   <subfield code="a">Thành phố Hồ Chí Minh</subfield>
  </datafield>
  <datafield tag="260" ind1=" " ind2=" ">
   <subfield code="b">Tổng hợp Thành phố Hồ Chí Minh,Tinh văn Media</subfield>
  </datafield>
  <datafield tag="260" ind1=" " ind2=" ">
   <subfield code="c">2009</subfield>
  </datafield>
  <datafield tag="520" ind1=" " ind2=" ">
   <subfield code="a">Giới thiệu khả năng thực hành tối ưu trong lĩnh vực quản trị chiến lược (hay chiến lược kinh doanh) dành cho doanh nghiệp nhỏ, đơn vị kinh doanh, tập đoàn quản trị nhóm doanh nghiệp, quản trị chiến lược thị trường...; các nhân tố đầu vào chiến lược, hoạch định chiến lược, quản lý thay đổi chiến lược...</subfield>
  </datafield>
  <datafield tag="650" ind1=" " ind2=" ">
   <subfield code="a">Business planning,Kế hoạch chiến lược,Kế hoạch kinh doanh,Strategic planning</subfield>
  </datafield>
  <datafield tag="904" ind1=" " ind2=" ">
   <subfield code="i">Nguyên</subfield>
  </datafield>
  <datafield tag="980" ind1=" " ind2=" ">
   <subfield code="a">Trung tâm Học liệu Trường Đại học Cần Thơ</subfield>
  </datafield>
 </record>
</collection>
